000 00592nam a2200217Ia 4500
008 220216s9999 xx 000 0 und d
100 _aLiu H
245 0 _aInvolvement of HbMC1-mediated cell death in tapping panel dryness of rubber tree (Hevea brasiliensis)
260 _bTree Physiology
_c2019
300 _a391-403
500 _aSource Year: 2019
650 _aHevea brasiliensis
650 _aTapping panel dryness
700 _aDai L
700 _aDeng Z
700 _aLi D
700 _aWei Y
700 _aYang H
856 _udoi:10.1093/treephys/tpy125)
942 _cJS
999 _c61668
_d61668